Sedimentology and stratigraphy /
Guardado en:
| Autor Principal: | |
|---|---|
| Formato: | Libro |
| Idioma: | English |
| Publicado: |
Chichester, UK ; Hoboken, NJ :
Wiley-Blackwell,
2009.
|
| Edición: | 2nd ed. |
| Materias: | |
| Etiquetas: |
Agregar Etiqueta
Sin Etiquetas, Sea el primero en etiquetar este registro!
|
| LEADER | 00982cam a2200265 a 4500 | ||
|---|---|---|---|
| 001 | EUN.eunm003324 | ||
| 005 | 20101102075435.0 | ||
| 008 | 080929s2009####enkabe###b####001#0#eng## | ||
| 010 | |a 2008042948 | ||
| 020 | |a 9781405135924 (pbk. : alk. paper) | ||
| 020 | |a 1405135921 (pbk. : alk. paper) | ||
| 020 | |a 9781405193795 (hardcover : alk. paper) | ||
| 020 | |a 1405193794 (hardcover : alk. paper) | ||
| 040 | |a DLC |c DLC |d YDXCP |d BWKUK |d BWK |d OCLCQ |d CDX |d DLC | ||
| 050 | 0 | 0 | |a QE571 |b .N53 2009 |
| 082 | 0 | 0 | |a 551.3/03 |2 22 |
| 100 | 1 | |a Nichols, Gary. | |
| 245 | 1 | 0 | |a Sedimentology and stratigraphy / |c Gary Nichols. |
| 250 | |a 2nd ed. | ||
| 260 | |a Chichester, UK ; |a Hoboken, NJ : |b Wiley-Blackwell, |c 2009. | ||
| 300 | |a x, 419 p. : |b il., mapas, planos ; |c 25 cm. + |e 1 CD-ROM. | ||
| 504 | |a Incluye referencias bibliográficas (p. [398]-410) e índice. | ||
| 650 | 7 | |a Estratigrafía. |2 unbist | |
| 650 | 7 | |a Geología. |2 unbist | |
| 859 | |a AR-BaUNS |b BIB. CENTRAL - Sector A |h 551.3 |i N515 |p 121723/010 | ||
